Tuju cemerlang peperiksaan

Bibliographic Details
Main Author: Sulaiman Masri
Corporate Authors: Series, Title
Format: Book
Published: Kuala Lumpur : Utusan Publications & Distributors , 2005
Series:Siri pengajian dan pendidikan utusan
Subjects:

MARC

LEADER 00000cam a2200000 7i4500
001 0000014235
005 20160330.0
008 250208
020 |a 9676117420 
090 0 0 |a 371.956   |b SUL 
100 0 |a Sulaiman Masri 
245 1 0 |a Tuju cemerlang peperiksaan   |c Sulaiman Masri 
260 |a Kuala Lumpur :   |b Utusan Publications & Distributors ,   |c 2005 
440 |a Siri pengajian dan pendidikan utusan 
500 |a Teenager ages 13-18 years old (blue) 
650 0 |a Examinations 
650 0 |a Examinations   |a Study guides 
710 1 |a Series 
710 1 |a Title 
999 |a 0001010557   |b Book   |c Teenagers   |e Cawangan Urban Transformation Centre 
999 |a 0001010560   |b Book   |c Teenagers   |e Perbadanan Perpustakaan Awam Johor 
999 |a 0001010561   |b Book   |c Teenagers   |e Perbadanan Perpustakaan Awam Johor 
999 |a 0001011280   |b Book   |c Adult Collection   |e Cawangan Kota Tinggi 
999 |a 0001011281   |b Book   |c Adult Collection   |e Cawangan Kota Tinggi 
999 |a 0001029616   |b Book   |c Adult Collection   |e Cawangan Segamat 
999 |a 0001040951   |b Book   |c Teenagers   |e Cawangan Bandar Tenggara